| 000 | 00775nam a22002297a 4500 | ||
|---|---|---|---|
| 003 | 0 | ||
| 005 | 20251104103032.0 | ||
| 008 | 251104b xxu||||| |||| 00| 0 eng d | ||
| 020 | _a978-93-5751-033-2 | ||
| 050 |
_aLC 311 _b.Y33 2023 |
||
| 100 |
_aYadav, Nihora Prasad, _eauthor. |
||
| 245 |
_aCharacter formation, nationalism and patriotism / _cNihora Prasad Yadav. |
||
| 250 | _aFirst edition. | ||
| 260 |
_aNew Delhi, India : _bRandom Publications LLP, _c2023. |
||
| 300 |
_aviii, 288 pages ; _c24 cm. |
||
| 504 | _aIncludes bibliographical references and index. | ||
| 650 | _aMoral education. | ||
| 650 |
_aCharacter _xStudy and teaching. |
||
| 650 |
_aNationalism _xMoral and ethical aspects. |
||
| 650 |
_aPatriotism _xMoral and ethical aspects. |
||
| 942 |
_2lcc _cBK |
||
| 999 |
_c368444 _d368444 |
||